Blessings from Beijing : (Record no. 169449)

MARC details
000 -LEADER
fixed length control field 00619nam a22001937a 4500
005 - DATE AND TIME OF LATEST TRANSACTION
control field 20191120155351.0
010 ## - LCCN (DPL NO)
LC control number ENG-126942
020 ## - INTERNATIONAL STANDARD BOOK NUMBER
Terms of availability 499.00
International Standard Book Number 9789389231373
035 ## - SYSTEM CONTROL NUMBER
System control number EN-110474
037 ## - SOURCE OF ACQUISITION
Source of stock number/acquisition DBAD/PUB
082 ## - DEWEY DECIMAL CLASSIFICATION NUMBER
Classification number 327
100 ## - MAIN ENTRY--PERSONAL NAME
Personal name Bruno, Greg C.
245 ## - TITLE STATEMENT
Title Blessings from Beijing :
Statement of responsibility, etc by Greg C. Bruno
Remainder of title inside China's war on Tibet in exile /
260 ## - PUBLICATION, DISTRIBUTION, ETC. (IMPRINT)
Name of publisher, distributor, etc Speaking Tiger
Date of publication, distribution, etc 2019
Place of publication, distribution, etc New Delhi
270 ## - ADDRESS
Address 4381/4 Ansari Road, Daryaganj
Postal code 110002
City New Delhi
300 ## - PHYSICAL DESCRIPTION
Extent xix;222p.
Dimensions 21cm(pbk)
500 ## - GENERAL NOTE
General note Includes bibliographical references and index
942 ## - ADDED ENTRY ELEMENTS (KOHA)
Source of classification or shelving scheme Dewey Decimal Classification
Item type English Books
Classification part 327
Call number suffix BRU
Holdings
Withdrawn status Lost status Not for loan Collection code Home library Current library Date acquired Source of acquisition Cost, normal purchase price Full call number Barcode Copy number Cost, replacement price Koha item type
      Non-fiction Central Library Central Library 20/11/2019 DBAD/PUB 499.00 327 BRU EN-110474 1 499.00 English Books

© Delhi Public Library
Hit Counter
free hit counter